| 000 | 00717nam a22002177a 4500 | ||
|---|---|---|---|
| 003 | 0 | ||
| 005 | 20250426141203.0 | ||
| 008 | 250426b xxu||||| |||| 00| 0 eng d | ||
| 020 | _a9786214272013 | ||
| 050 |
_aKPM 2832 _b.B35 2024 |
||
| 100 | _aBairan, Bonifacio P. | ||
| 245 |
_aIncome & business taxation _cBonifacio P. Bairan |
||
| 260 |
_aManila _bUnlimited Books Library Services & Publishing Inc. _cc2024 |
||
| 300 |
_axii, 376 pages ; _c25cm. |
||
| 504 | _aIncludes bibliographical references. | ||
| 650 | _aIncome tax—Law and legislation. | ||
| 650 | _aBusiness enterprises—Taxation. | ||
| 650 | _aCorporations—Taxation. | ||
| 650 | _aTax administration and procedure. | ||
| 942 |
_2lcc _cBK |
||
| 999 |
_c367419 _d367419 |
||